| 000 | 00483cam a2200181ua 4500 | ||
|---|---|---|---|
| 020 | _c84.00 | ||
| 041 |
_aeng _h |
||
| 082 |
_a516.36 _bPRA/DI |
||
| 100 | _aPrakash, Nirmala . | ||
| 245 |
_aDifferential geometry: An integrated approach / _cNirmala Prakash. _hTextual Documents |
||
| 250 |
_a1 / _b. |
||
| 260 |
_aNew Delhi : _bTata Mc-Graw Hill Publishing Company , _c1990. |
||
| 300 | _a414 ; . | ||
| 365 | _a84.00 | ||
| 504 | _a | ||
| 942 | _cBK | ||
| 999 |
_c7129 _d7129 |
||